[Event "Issy les Moulineaux tt"]
[Site "Issy les Moulineaux"]
[Date "2008.11.22"]
[Round "2.2"]
[White "Thely, Ludovic"]
[Black "Oudot, Jean Baptiste"]
[Result "0-1"]
[WhiteElo "2133"]
[BlackElo "2104"]
[PlyCount "50"]
[EventDate "2008.10.19"]
[EventType "team-tourn"]
[EventRounds "7"]
[EventCountry "FRA"]
[SourceTitle "EXT 2010"]
[Source "ChessBase"]
[SourceDate "2010.11.25"]
[SourceVersion "1"]
[SourceVersionDate "2010.11.25"]
[SourceQuality "1"]
[WhiteTeam "Limeil"]
[BlackTeam "Reims"]
[WhiteTeamCountry "FRA"]
[BlackTeamCountry "FRA"]

1. d4 d5 2. c4 c6 3. Nf3 Nf6 4. Nc3 e6 5. Bg5 dxc4 6. e4 b5 7. e5 h6 8. Bh4 g5 9. exf6 gxh4 10. Ne5 Qxf6 11. a4 Bb7 12. axb5 c5 13. Be2 cxd4 14. Qxd4 Bg7 15. Rxa7 Qg5 16. Rxb7 Bxe5 17. Qxc4 Ra1+ 18. Bd1 0-0 19. 0-0 h3 20. g3 Qd2 21. Qg4+ Kh8 22. Qe2 Bxc3 23. bxc3 Qd5 24. Qf3 Rxd1 25. Qf6+ Kg8 0-1

[Event "FRA-chT2 East 0708"]
[Site "France"]
[Date "2008.04.05"]
[Round "10.2"]
[White "Oudot, Jean Baptiste"]
[Black "Peter, Sebastien"]
[Result "0-1"]
[WhiteElo "2112"]
[BlackElo "2283"]
[PlyCount "54"]
[EventDate "2007.10.21"]
[EventType "team"]
[EventRounds "11"]
[EventCountry "FRA"]
[SourceTitle "EXT 2009"]
[Source "ChessBase"]
[SourceDate "2008.11.26"]
[SourceVersion "1"]
[SourceVersionDate "2008.11.26"]
[SourceQuality "1"]
[WhiteTeam "Reims"]
[BlackTeam "Mundolsheim"]
[WhiteTeamCountry "FRA"]
[BlackTeamCountry "FRA"]

1. e4 e6 2. d4 d5 3. Nc3 Nc6 4. e5 f6 5. exf6 Nxf6 6. Nf3 Bd6 7. Bb5 0-0 8. Bxc6 bxc6 9. Na4 Ne4 10. 0-0 Qf6 11. Qe2 a5 12. c4 Ba6 13. b3 c5 14. Ne5 cxd4 15. Nd7 Qf5 16. Nxf8 Rxf8 17. Bb2 c5 18. Rad1 dxc4 19. bxc4 Bb7 20. f3 Ng5 21. Ba3 Qf4 22. g3 Nxf3+ 23. Rxf3 Qxf3 24. Qxf3 Bxf3 25. Rf1 Be2 26. Rxf8+ Kxf8 27. Nxc5 Ke7 0-1

[Event "FRA-chT2 East 0708"]
[Site "France"]
[Date "2008.02.10"]
[Round "7.3"]
[White "Oudot, Jean Baptiste"]
[Black "Pucher, Sebastien"]
[Result "1-0"]
[WhiteElo "2113"]
[BlackElo "2241"]
[PlyCount "67"]
[EventDate "2007.10.21"]
[EventType "team"]
[EventRounds "11"]
[EventCountry "FRA"]
[SourceTitle "EXT 2009"]
[Source "ChessBase"]
[SourceDate "2008.11.26"]
[SourceVersion "1"]
[SourceVersionDate "2008.11.26"]
[SourceQuality "1"]
[WhiteTeam "Reims"]
[BlackTeam "Metz Fischer II"]
[WhiteTeamCountry "FRA"]
[BlackTeamCountry "FRA"]

1. e4 c5 2. Nf3 d6 3. d4 cxd4 4. Nxd4 Nf6 5. Nc3 a6 6. Bc4 e6 7. Bb3 Nbd7 8. Bg5 Nc5 9. f4 Qc7 10. Qe2 Be7 11. e5 dxe5 12. fxe5 Nxb3 13. axb3 Nd5 14. Ndb5 axb5 15. Qxb5+ Qd7 16. Rxa8 Qxb5 17. Nxb5 Nb6 18. Bxe7 Nxa8 19. Bb4 f6 20. 0-0 f5 21. Rd1 Kf7 22. c4 Nb6 23. Ba5 Na8 24. Kf2 b6 25. Bb4 g5 26. Ra1 Bd7 27. Ra7 Rd8 28. Nd6+ Kg6 29. h3 h5 30. Bd2 f4 31. h4 f3 32. Bxg5 Rf8 33. Rxd7 fxg2+ 34. Kxg2 1-0

[Event "FRA-chT2 East 0708"]
[Site "France"]
[Date "2008.01.20"]
[Round "6.3"]
[White "Steil Antoni, Fiona"]
[Black "Oudot, Jean Baptiste"]
[Result "1/2-1/2"]
[WhiteElo "2122"]
[BlackElo "2113"]
[PlyCount "40"]
[EventDate "2007.10.21"]
[EventType "team"]
[EventRounds "11"]
[EventCountry "FRA"]
[SourceTitle "EXT 2009"]
[Source "ChessBase"]
[SourceDate "2008.11.26"]
[SourceVersion "1"]
[SourceVersionDate "2008.11.26"]
[SourceQuality "1"]
[WhiteTeam "Vandoeuvre II"]
[BlackTeam "Reims"]
[WhiteTeamCountry "FRA"]
[BlackTeamCountry "FRA"]

1. e4 c5 2. Nc3 Nc6 3. g3 g6 4. Bg2 Bg7 5. d3 Rb8 6. Be3 b5 7. Qd2 d6 8. f4 b4 9. Nd1 Nd4 10. c3 bxc3 11. bxc3 Nb5 12. Nf3 Nf6 13. 0-0 Ng4 14. d4 Nxe3 15. Qxe3 cxd4 16. cxd4 0-0 17. Nc3 Nxc3 18. Qxc3 Bg4 19. e5 Qd7 20. Rfc1 Rfc8 1/2-1/2

[Event "FRA-chT1B 0607"]
[Site "France"]
[Date "2006.11.06"]
[Round "3.4"]
[White "Oudot, Jean Baptiste"]
[Black "Duquesnoy, Jean Philippe"]
[Result "1/2-1/2"]
[WhiteElo "2111"]
[BlackElo "2258"]
[PlyCount "190"]
[EventDate "2006.10.15"]
[EventType "team"]
[EventRounds "11"]
[EventCountry "FRA"]
[SourceTitle "EXT 2008"]
[Source "ChessBase"]
[SourceDate "2007.11.25"]
[SourceVersion "1"]
[SourceVersionDate "2007.11.25"]
[SourceQuality "1"]
[WhiteTeam "Reims"]
[BlackTeam "Avignon"]
[WhiteTeamCountry "FRA"]
[BlackTeamCountry "FRA"]

1. e4 d5 2. exd5 Qxd5 3. Nc3 Qd6 4. d4 Nf6 5. Nf3 a6 6. g3 Bg4 7. Bg2 Nc6 8. 0-0 0-0-0 9. d5 Nb4 10. h3 Bh5 11. Bf4 Qc5 12. Be3 Qa5 13. g4 Bg6 14. Nd4 Nbxd5 15. Nb3 Qb4 16. Nxd5 Nxd5 17. Bxd5 e6 18. a3 Qb5 19. c4 Qe8 20. Bxb7+ Kxb7 21. Na5+ Kc8 22. Qf3 Rd6 23. Qb7+ Kd7 24. c5 Rd5 25. c6+ Ke7 26. Qxc7+ Kf6 27. g5+ Rxg5+ 28. Bxg5+ Kxg5 29. Qg3+ Kh6 30. Rac1 Be7 31. c7 Qb5 32. Qe3+ Bg5 33. f4 Bf6 34. c8Q Rxc8 35. Rxc8 Qxa5 36. Kh2 Qb5 37. Rg1 Bf5 38. b4 Qd7 39. Rc4 Qd5 40. Rgc1 Bb2 41. Qf2 Bf6 42. Rc6 g5 43. R1c5 Qe4 44. fxg5+ Bxg5 45. Rxf5 Qxc6 46. Rxf7 e5 47. a4 Bf4+ 48. Rxf4 exf4 49. Qxf4+ Kg6 50. a5 Qc2+ 51. Kg3 Qc3+ 52. Kh4 Qc6 53. Qg3+ Kf7 54. Qf2+ Kg7 55. Qa7+ Kg8 56. Qd4 Kf7 57. Kg3 Kg8 58. h4 Qc7+ 59. Kg4 Qc6 60. Kg5 Qc1+ 61. Kf5 Qc8+ 62. Ke4 Qe6+ 63. Kd3 Qb3+ 64. Ke4 Qe6+ 65. Kf4 Qe2 66. Kf5 Qf3+ 67. Ke6 Qc6+ 68. Ke7 Qb7+ 69. Ke6 Qc6+ 70. Kf5 Qb5+ 71. Kf4 Qb8+ 72. Ke4 Qe8+ 73. Kd3 Qe1 74. Qc4+ Kf8 75. Kc2 Qf2+ 76. Kb3 Qf3+ 77. Kb2 Qf2+ 78. Kc3 Qf6+ 79. Kd2 Qf2+ 80. Kd1 Qf3+ 81. Ke1 Qe3+ 82. Kd1 Qf3+ 83. Kc1 Qe3+ 84. Kb2 Qd2+ 85. Ka3 Qe3+ 86. Ka4 Qe8+ 87. b5 Kg7 88. Qd4+ Kg8 89. Qd5+ Kf8 90. h5 Kg7 91. Qg5+ Kf8 92. Kb4 Qe1+ 93. Ka4 Qe4+ 94. Kb3 Qd3+ 95. Kb4 Qd4+ 1/2-1/2

[Event "FRA-chT Top 16 GpA"]
[Site "Noyon"]
[Date "2005.04.03"]
[Round "7.6"]
[White "Conquest, Stuart"]
[Black "Oudot, Jean Baptiste"]
[Result "1-0"]
[WhiteElo "2513"]
[BlackElo "2142"]
[PlyCount "53"]
[EventDate "2005.03.31"]
[EventType "team-tourn"]
[EventRounds "7"]
[EventCountry "FRA"]
[SourceTitle "CBM 105 Extra"]
[Source "ChessBase"]
[SourceDate "2005.05.01"]
[SourceVersion "1"]
[SourceVersionDate "2005.05.01"]
[SourceQuality "1"]
[WhiteTeam "Clichy"]
[BlackTeam "Reims"]
[WhiteTeamCountry "FRA"]
[BlackTeamCountry "FRA"]

1. d4 d5 2. c4 c6 3. Nf3 Nf6 4. e3 e6 5. Bd3 Nbd7 6. Nbd2 Bd6 7. e4 dxe4 8. Nxe4 Nxe4 9. Bxe4 Qc7 10. 0-0 Nf6 11. Bc2 b6 12. Qe2 Bb7 13. Bg5 0-0-0 14. c5 bxc5 15. dxc5 Bxc5 16. Rac1 Qb6 17. Ne5 Rhf8 18. Bb3 h6 19. Nc4 Qb5 20. Bf4 Ba6 21. Qe5 Nd5 22. Bg3 Rfe8 23. Qxg7 Rd7 24. Qxh6 Nb4 25. Ne5 Rde7 26. Rfd1 Nd5 27. Bc4 1-0

[Event "FRA-chT4"]
[Site "Champagne Ardenne"]
[Date "2005.01.09"]
[Round "4"]
[White "Oudot, Jean Baptiste"]
[Black "Bultel, Bruno"]
[Result "1-0"]
[WhiteElo "2142"]
[BlackElo "1940"]
[PlyCount "143"]
[EventDate "2005.01.09"]
[EventRounds "7"]
[EventCountry "FRA"]
[SourceTitle "EXT 2007"]
[Source "ChessBase"]
[SourceDate "2006.11.23"]
[SourceVersion "1"]
[SourceVersionDate "2006.11.23"]
[SourceQuality "1"]

1. e4 e5 2. Nf3 Nc6 3. Bc4 Nf6 4. d3 Be7 5. 0-0 0-0 6. Re1 d6 7. c3 Na5 8. Bb5 a6 9. Ba4 b5 10. Bc2 Bb7 11. Nbd2 c5 12. Nf1 Re8 13. Ng3 g6 14. b3 Nc6 15. d4 Bf8 16. d5 Ne7 17. Bg5 Bg7 18. Qd2 Nd7 19. Bh6 f6 20. Bxg7 Kxg7 21. h4 h6 22. Nh2 h5 23. Rf1 Ng8 24. a4 Qe7 25. Bd1 Nh6 26. axb5 axb5 27. Rxa8 Bxa8 28. Be2 c4 29. bxc4 bxc4 30. Bxc4 f5 31. exf5 Qxh4 32. Bb5 Re7 33. fxg6 Nb6 34. c4 Kxg6 35. Qxh6+ Kxh6 36. Nf5+ Kg5 37. Nxh4 Kxh4 38. Ra1 Bb7 39. Ra7 Nc8 40. Ra3 Kg5 41. Rg3+ Kf4 42. Rg8 Rh7 43. Rd8 Ke4 44. Nf1 Kd4 45. Nd2 Na7 46. Nb3+ Kc3 47. Na5 Nxb5 48. cxb5 Kb4 49. Nxb7 Rxb7 50. Rxd6 Rxb5 51. Rh6 Rxd5 52. Rxh5 Kc5 53. f3 Rd1+ 54. Kf2 Rd2+ 55. Ke3 Rxg2 56. Rxe5+ Kd6 57. Kf4 Rf2 58. Re1 Kd7 59. Kg4 Rg2+ 60. Kf5 Rf2 61. f4 Rd2 62. Kf6 Rf2 63. f5 Rg2 64. Kf7 Rf2 65. Rd1+ Kc7 66. f6 Rg2 67. Ke7 Re2+ 68. Kf8 Rf2 69. f7 Rg2 70. Rd4 Rg3 71. Ke7 Re3+ 72. Kf6 1-0

[Event "La Fere op 3rd"]
[Site "La Fere"]
[Date "2004.07.07"]
[Round "7"]
[White "Meijers, Viesturs"]
[Black "Oudot, Jean Baptiste"]
[Result "1-0"]
[WhiteElo "2477"]
[BlackElo "2090"]
[PlyCount "113"]
[EventDate "2004.07.03"]
[EventType "swiss"]
[EventRounds "9"]
[EventCountry "FRA"]
[SourceTitle "CBM 101 Extra"]
[Source "ChessBase"]
[SourceDate "2004.09.01"]
[SourceVersion "2"]
[SourceVersionDate "2004.09.01"]
[SourceQuality "1"]

1. e4 c5 2. Nf3 Nc6 3. d4 cxd4 4. Nxd4 Nf6 5. Nc3 e5 6. Ndb5 d6 7. Bg5 a6 8. Na3 b5 9. Nd5 Be7 10. Bxf6 Bxf6 11. c3 Ne7 12. Nc2 Bb7 13. Nce3 Bg5 14. Nxe7 Bxe3 15. Nf5 Bc5 16. b4 g6 17. bxc5 gxf5 18. Qxd6 Qxd6 19. cxd6 Bxe4 20. a4 Kd7 21. axb5 axb5 22. Bxb5+ Kxd6 23. 0-0 Rxa1 24. Rxa1 Ra8 25. Rxa8 Bxa8 26. g3 Kc5 27. Be2 Bd5 28. Kf1 h6 29. Ke1 f6 30. Kd2 Be6 31. Kc2 Bd7 32. Kb3 Be6+ 33. Ka3 Bd7 34. Bd3 Be6 35. Kb2 Bd7 36. Kc2 Be6 37. Kd2 Bd7 38. Ke2 Bc8 39. Kf1 Be6 40. Kg2 e4 41. Be2 Bc4 42. Kf1 Be6 43. Ke1 Kd5 44. Kd2 Ke5 45. Ke3 Bd7 46. Ba6 Bc6 47. c4 Bd7 48. Bb7 Be6 49. c5 h5 50. h4 Bd5 51. Bxd5 Kxd5 52. Kf4 Kxc5 53. Kxf5 Kc4 54. Kxf6 Kd3 55. Kf5 Kd4 56. g4 hxg4 57. Kxg4 1-0

[Event "FRA-chT2 0304"]
[Site "France"]
[Date "2003.11.16"]
[Round "3"]
[White "Oudot, Jean Baptiste"]
[Black "Marx, Lea"]
[Result "1-0"]
[WhiteElo "2092"]
[BlackElo "1957"]
[PlyCount "47"]
[EventDate "2003.10.??"]
[EventType "team"]
[EventRounds "11"]
[EventCountry "FRA"]
[SourceTitle "EXT 2005"]
[Source "ChessBase"]
[SourceDate "2004.11.15"]
[SourceVersion "1"]
[SourceVersionDate "2004.11.15"]
[SourceQuality "1"]
[WhiteTeam "Reims"]
[BlackTeam "Bischwiller II"]
[WhiteTeamCountry "FRA"]
[BlackTeamCountry "FRA"]

1. e4 c6 2. d4 d5 3. f3 e6 4. Nc3 Bb4 5. Be3 Ne7 6. Qd2 Nd7 7. Nge2 0-0 8. e5 Nf5 9. a3 Nxe3 10. Qxe3 Be7 11. f4 Nb6 12. Ng3 Bd7 13. Bd3 Qc8 14. 0-0 c5 15. Qf3 cxd4 16. Qh5 h6 17. Qg4 Rd8 18. Nh5 Bf8 19. Rf3 Be8 20. Nxg7 Bxg7 21. Rg3 Kf8 22. Qxg7+ Ke7 23. Qf6+ Kd7 24. Bb5+ 1-0

[Event "FRA-chT2 0304"]
[Site "France"]
[Date "2003.11.15"]
[Round "2"]
[White "Mondon, Fabrice"]
[Black "Oudot, Jean Baptiste"]
[Result "1-0"]
[WhiteElo "1989"]
[BlackElo "2092"]
[PlyCount "87"]
[EventDate "2003.10.??"]
[EventType "team"]
[EventRounds "11"]
[EventCountry "FRA"]
[SourceTitle "EXT 2005"]
[Source "ChessBase"]
[SourceDate "2004.11.15"]
[SourceVersion "1"]
[SourceVersionDate "2004.11.15"]
[SourceQuality "1"]
[WhiteTeam "Saint Mande"]
[BlackTeam "Reims"]
[WhiteTeamCountry "FRA"]
[BlackTeamCountry "FRA"]

1. e4 c5 2. Nc3 Nc6 3. f4 g6 4. Nf3 Bg7 5. Bc4 e6 6. 0-0 Nge7 7. Qe1 0-0 8. d3 a6 9. a4 Rb8 10. Qh4 Nd4 11. Nxd4 cxd4 12. Ne2 d5 13. Bb3 dxe4 14. dxe4 Nc6 15. Qg3 Qc7 16. Bd2 Rd8 17. Rf3 b6 18. Qg4 Bb7 19. Rh3 Qe7 20. Rf1 Nb4 21. f5 h5 22. Qh4 Qxh4 23. Rxh4 exf5 24. Bxb4 Bxe4 25. Rh3 d3 26. cxd3 Bxd3 27. Re1 Bxb2 28. Bc3 Bxc3 29. Nxc3 Rbc8 30. Nd5 Be4 31. Ne7+ Kg7 32. Nxc8 Rxc8 33. Rhe3 Rd8 34. h3 Rd2 35. R1e2 Rd4 36. g4 hxg4 37. hxg4 b5 38. axb5 axb5 39. gxf5 Bxf5 40. Re7 Rg4+ 41. Rg2 Rb4 42. Rxf7+ Kh6 43. Bc2 Bxc2 44. Rxc2 1-0

[Event "Reims ligue excellence"]
[Site "Reims"]
[Date "2003.06.08"]
[Round "3"]
[White "Grandjean, Pierre Emmanuel"]
[Black "Oudot, Jean Baptiste"]
[Result "0-1"]
[WhiteElo "2000"]
[BlackElo "2062"]
[PlyCount "80"]
[EventDate "2003.06.??"]
[EventType "swiss"]
[EventRounds "6"]
[EventCountry "FRA"]
[SourceTitle "EXT 2005"]
[Source "ChessBase"]
[SourceDate "2004.11.15"]
[SourceVersion "1"]
[SourceVersionDate "2004.11.15"]
[SourceQuality "1"]

1. e4 c5 2. Nc3 Nc6 3. g3 g6 4. Bg2 Bg7 5. d3 e6 6. Be3 d6 7. Qd2 Nd4 8. Nge2 Ne7 9. 0-0 0-0 10. Bh6 Bxh6 11. Qxh6 Nxc2 12. Rac1 e5 13. h4 Be6 14. Kh2 f6 15. h5 Rf7 16. Rh1 g5 17. f4 Kh8 18. Kg1 Ng8 19. Qg6 hxg6 20. hxg6+ Kg7 21. f5 Nh6 22. Rxh6 Kxh6 23. Kf2 Re7 24. fxe6 Kxg6 25. Bh3 Qh8 26. Rh1 g4 27. Bg2 Rh7 28. Rf1 Rh2 29. Nd5 Re8 30. e7 Kf7 31. Kg1 Rh6 32. Nec3 Nb4 33. Ne3 Kxe7 34. a3 Nxd3 35. Nf5+ Kd7 36. Rd1 Nxb2 37. Rxd6+ Kc8 38. Rd5 Kb8 39. Nb5 Rh7 40. Rxc5 Rc8 0-1

[Event "Cappelle op 18th"]
[Site "Cappelle la Grande"]
[Date "2002.02.11"]
[Round "3"]
[White "Oudot, Jean Baptiste"]
[Black "Sprenger, Jan Michael"]
[Result "0-1"]
[WhiteElo "2091"]
[BlackElo "2464"]
[PlyCount "69"]
[EventDate "2002.02.09"]
[EventType "swiss"]
[EventRounds "9"]
[EventCountry "FRA"]
[SourceTitle "CBM 086 Extra"]
[Source "ChessBase"]
[SourceDate "2002.03.14"]
[SourceVersion "1"]
[SourceVersionDate "2002.03.14"]
[SourceQuality "1"]

1. d4 Nf6 2. c4 g6 3. Nf3 Bg7 4. Nc3 0-0 5. g3 d6 6. Bg2 Nbd7 7. 0-0 e5 8. dxe5 dxe5 9. e4 c6 10. h3 Qe7 11. Qe2 Nc5 12. Rd1 Nfd7 13. Bg5 f6 14. Be3 Ne6 15. g4 Re8 16. Ne1 Ndf8 17. Nc2 Nf4 18. Qe1 Nxg2 19. Kxg2 f5 20. f3 fxg4 21. fxg4 Ne6 22. Qg3 Rf8 23. Rd2 Nf4+ 24. Kh2 Bf6 25. Qg1 Qg7 26. Rf1 Be6 27. b3 Qh6 28. Qg3 Bh4 29. Qf3 Qg7 30. Ne2 g5 31. Qh1 h5 32. gxh5 Bxh3 33. Rg1 g4 34. Ng3 Bxg3+ 35. Rxg3 0-1

[Event "FRA-ch U18"]
[Site "Hyeres"]
[Date "2002.??.??"]
[Round "3.5"]
[White "Brunner, Nicolas"]
[Black "Oudot, Jean Baptiste"]
[Result "1-0"]
[WhiteElo "2238"]
[BlackElo "2091"]
[PlyCount "75"]
[EventDate "2002.04.05"]
[EventType "swiss"]
[EventRounds "9"]
[EventCountry "FRA"]
[SourceTitle "EXT 2003"]
[Source "ChessBase"]
[SourceDate "2002.11.25"]
[SourceVersion "1"]
[SourceVersionDate "2002.11.25"]
[SourceQuality "1"]

1. d4 d5 2. c4 c6 3. Nc3 Nf6 4. Nf3 e6 5. e3 Nbd7 6. Qc2 Bd6 7. g4 h6 8. h3 Qe7 9. Bd2 b6 10. e4 dxe4 11. Nxe4 Nxe4 12. Qxe4 Bb7 13. Bg2 0-0-0 14. Qe2 e5 15. Bc3 Rhe8 16. 0-0 g6 17. dxe5 Nxe5 18. Rfe1 Nxf3+ 19. Qxf3 Qc7 20. b4 f5 21. c5 bxc5 22. bxc5 Bxc5 23. gxf5 Rf8 24. f6 h5 25. Rab1 Rd7 26. h4 Rdf7 27. Be5 Bd6 28. Rxb7 Kxb7 29. Rb1+ Kc8 30. Bh3+ Kd8 31. Bxd6 Qxd6 32. Rd1 Qxd1+ 33. Qxd1+ Kc7 34. Qd4 Kb7 35. Qb4+ Kc7 36. Qc5 Kb7 37. Bg2 Rc8 38. Qb5+ 1-0